000 01873nam a2200241 a 4500
001 000034771
005 20250424134023.0
008 111019s1957 sp 000 0 spa d
040 _aDO-SdBNP
_bspa
_cBNPHU
082 _a144
_bH117u
240 1 0 _aPour un nouvel humanisme
_lespañol
245 0 0 _aHacia un nuevo humanismo /
_cpresentación José L. Aranguren ; traducción E. Caballero Calderón.
260 _aMadrid :
_bGuadarrama,
_c1957.
300 _a402 p. ;
_c19 cm.
490 1 _aColección Guadarrama de crítica y ensayo
_v9
500 _aTraducido del francés
505 0 _tSobre el humanismo /
_rJosé Luis L. Aranguren --
_tEl Humanismo clásico y el mundo moderno /
_rRené Grousset --
_gDiscusión sobre la primera conferncia --
_tLa actualidad del mensaje cristiano /
_rKarl Barth --
_tla actualidad del mensaje cristiano /
_rR. P. Maydieu --
_gDiscusión sobre las conferencias de Barth y Maydien --
_gSegunda discusión sobre las conferencias de Barth y Maydien --
_tEl hombre de las civilizaciones orientales /
_rPaul Mason-Oursel --
_tEl hombre de las revoluciones técnicas e industriales /
_rMaxime Leroy --
_gDiscusión sobre las conferencias de Masson-Oursel y Leroy --
_tEl hombre de las revoluciones políticas y sociales /
_rHenri Lefébvre --
_tel hombre en el universo visto por un escritor /
_rJhon Middleton-Murry --
_gDiscusión sobre las conferencias de Lefébvre y Haldane --
_gDiscusión sobre la conferencia de Lefébvre --
_gDiscusión sobre las conferencias de Middleton-Murry, Lefébvre y Haldane --
_tCondiciones y posibilidades de un nuevo Humanismo /
_rKarl Jasper --
_gConclusiones
650 0 _a Humanismo
_933685
700 1 _aAranguren, José Luis L.,
_d1909-1996
_949974
700 1 _aCaballero Calderón, E.,
_d1910-1993
_960260
700 1 _aGrousset, René,
_d1885-1952.
_960261
830 0 _aColección Guadarrama de crítica y ensayo
_v9
_960262
999 _c34262
_d34262